Les 50 personnages les plus mentionnés dans One Piece - Statistiques

Statistiques générales
  • Ce quiz a été pris 155 fois
  • Le résultat moyen est 38 sur 50
Statistiques - réponses
Réponses % Correct
Monkey D. Luffy
100%
Roronoa Zoro
100%
Nami
99%
Nico Robin
98%
Sanji
98%
Tony Tony Chopper
98%
Brook
96%
Usopp
95%
Franky
94%
Portgas D. Ace
94%
Shanks
92%
Jinbe
91%
Big Mom (Charlotte Linlin)
90%
Edward Newgate (Barbe blanche)
90%
Kaido
90%
Marshall D. Teach (Barbe noire)
89%
Monkey D. Garp
89%
Sabo
88%
Crocodile
87%
Gol D. Roger
87%
Akainu (Sakazuki)
86%
Donquixote Doflamingo
85%
Dracule Mihawk
85%
Aokiji (Kuzan)
84%
Trafalgar D. Water Law
83%
Baggy
82%
Eustass Kid
82%
Kizaru (Borsalino)
82%
Boa Hancock
80%
Gecko Moria
78%
Sengoku
78%
Charlotte Katakuri
75%
Bartholomew Kuma
74%
Nefertari Vivi
72%
Rayleigh
72%
Arlong
68%
Smoker
68%
Kin’emon
64%
Kozuki Oden
64%
Momonosuke
63%
Ener
61%
Koby
58%
César Clown
54%
Shirahoshi
53%
Tashigi
51%
Magellan
41%
Yamato
39%
Hody Jones
35%
Alvida
32%
Don Krieg
18%
Aucun quiz correspondant
Distribution des résultats
% des personnes avec chaque résultat
Percentile par nombre de réponses
Votre historique - résultats
Vous n’avez pas pris ce quiz